000 01230nam a2200325 i 4500
001 000023475
003 DO-SdBNP
005 20260226082808.0
007 ta
008 880701s1965 ag a b 000 1 spa d
040 _aDO-SdBNP
_bspa
_cBNPHU
_erda
041 1 7 _aspa
_hpor
082 4 _a158.2
_bW422r
_222
100 1 _aWeil, Pierre G.,
_eautor
_4aut.
_948370
240 1 0 _aRelaçôes humanas na família e no trabalho.
_lEspañol
245 1 0 _aRelaciones humanas :
_ben el trabajo y en la familia /
_cPierre G. Weil ; ilustración, Ronald ; traducción, Marina E. Arater de Hombría.
264 1 _aBuenos Aires :
_bKapelusz,
_c1965.
300 _a223 páginas ;
_c21 cm.
336 _atexto
_btxt
_2rdacontent
337 _asin mediación
_bn
_2rdamedia
338 _avolumen
_bnc
_2rdacarrier
504 _aBibliografía : páginas 219-223
534 _aTítulos de las ediciones originales :
_tRelaçôes humanas na família e no trabalho
650 4 _aRelaciones humanas
_9606
650 7 _aConducta de vida
_2LIBRUNAM
_911947
650 7 _aRelaciones industriales
_2LIBRANUM
_927578
700 1 _aRonald,
_eilustrador
_4il.
_948371
700 1 _aArater de Hombría, Marina E.,
_etraductor
_4tr.
_948372
942 _2ddc
_cLBS1
999 _c22971
_d22971